Hands-on machine learning with scikit-learn and tensorflow : (Record no. 28372)

MARC details
000 -LEADER
fixed length control field 02217cam a22003737i 4500
001 - CONTROL NUMBER
control field 20916104
003 - CONTROL NUMBER IDENTIFIER
control field EG-ScBUE
005 - DATE AND TIME OF LATEST TRANSACTION
control field 20200319094950.0
008 - FIXED-LENGTH DATA ELEMENTS--GENERAL INFORMATION
fixed length control field 190403r20192017caua f 001 0 eng d
020 ## - INTERNATIONAL STANDARD BOOK NUMBER
International Standard Book Number 9781491962299
035 ## - SYSTEM CONTROL NUMBER
System control number (OCoLC)ocn953432302
040 ## - CATALOGING SOURCE
Original cataloging agency YDXCP
Language of cataloging eng
Description conventions rda
Transcribing agency YDXCP
Modifying agency BDX
-- OCLCQ
-- BTCTA
-- JBL
-- UUM
-- TEF
-- JRZ
-- OCLCF
-- GP5
-- VP@
-- CHVBK
-- OCLCO
-- NBU
-- CDN
-- NGU
-- OCLCA
-- IPU
-- QQ3
-- ZYU
-- GCO
-- IGA
-- MFS
-- YUS
-- NHM
-- BUR
-- OQX
-- DLC
-- EG-ScBUE
082 04 - DEWEY DECIMAL CLASSIFICATION NUMBER
Classification number 006.31
Item number GÉR
Edition number 22
100 1# - MAIN ENTRY--PERSONAL NAME
Personal name Géron, Aurélien,
Relator term author.
245 10 - TITLE STATEMENT
Title Hands-on machine learning with scikit-learn and tensorflow :
Remainder of title concepts, tools, and techniques to build intelligent systems /
Statement of responsibility, etc Aurélien Géron.
250 ## - EDITION STATEMENT
Edition statement First edition.
250 ## - EDITION STATEMENT
Edition statement Twelfth release.
264 #1 - PUBLICATION, DISTRIBUTION, ETC. (IMPRINT)
Place of publication, distribution, etc Sebastopol, CA :
Name of publisher, distributor, etc O'Reilly Media,
Date of publication, distribution, etc 2019.
300 ## - PHYSICAL DESCRIPTION
Extent xx, 551 pages :
Other physical details illustrations ;
Dimensions 24 cm
336 ## - CONTENT TYPE
Content type term text
Content type code txt
Source rdacontent
336 ## - CONTENT TYPE
Content type term still image
Content type code sti
Source rdacontent
337 ## - MEDIA TYPE
Media type term unmediated
Media type code n
Source rdamedia
338 ## - CARRIER TYPE
Carrier type term volume
Carrier type code nc
Source rdacarrier
500 ## - GENERAL NOTE
General note Includes index.
500 ## - GENERAL NOTE
General note Includes appendices.
520 ## - SUMMARY, ETC.
Summary, etc "Through a series of recent breakthroughs, deep learning has boosted the entire field of machine learning. Now, even programmers who know close to nothing about this technology can use simple, efficient tools to implement programs capable of learning from data. This practical book shows you how. By using concrete examples, minimal theory, and two production-ready Python frameworks--Scikit-Learn and TensorFlow--author Aurélien Géron helps you gain an intuitive understanding of the concepts and tools for building intelligent systems. You'll learn a range of techniques, starting with simple linear regression and progressing to deep neural networks. With exercises in each chapter to help you apply what you've learned, all you need is programming experience to get started"
Assigning source Back cover.
650 #7 - SUBJECT ADDED ENTRY--TOPICAL TERM
Topical term or geographic name as entry element Machine learning.
Source of heading or term BUEsh
650 #7 - SUBJECT ADDED ENTRY--TOPICAL TERM
Topical term or geographic name as entry element Artificial intelligence.
Source of heading or term BUEsh
653 ## - INDEX TERM--UNCONTROLLED
Resource For college Informatics and Computer Science
Arrived date list March2020
655 #4 - INDEX TERM--GENRE/FORM
Genre/form data or focus term Nonfiction.
Form subdivision Reading book
9 (RLIN) 4656
906 ## - LOCAL DATA ELEMENT F, LDF (RLIN)
a 7
b cbc
c copycat
d 2
e ncip
f 20
g y-gencatlg
942 ## - ADDED ENTRY ELEMENTS (KOHA)
Source of classification or shelving scheme Dewey Decimal Classification
Koha item type Book - Borrowing
Holdings
Withdrawn status Lost status Source of classification or shelving scheme Damaged status Not for loan Collection code Home library Current library Shelving location Date acquired Source of acquisition Total Checkouts Total Renewals Full call number Barcode Checked out Date last seen Date checked out Price effective from Koha item type
    Dewey Decimal Classification     Baccah Central Library Central Library Lower Floor 19/03/2020 Purchase 4 28 006.31 GÉR 000049060 16/05/2026 08/07/2025 08/07/2025 19/03/2020 Book - Borrowing